000 00925nam a22003017a 4500
001 0012055
003 KOHA_MİRAKIL
005 20260207001838.0
007 ta
008 090729b2008 xx |||gr||||#||||0|Eng |
020 _a9780495391630
_q
020 _a0495391638
_q
_c61,54
040 _aTR-BiSEU
_btur
_cTR-BiSEU
_erda
041 0 _aEng
050 _aQD31.3
_b.W53 2008
100 1 _aWhitten, Kenneth W. .
245 1 _aChemistry/
_cKenneth W. Whitten ; Kenneth W. Whitten, Raymond E. Davis, M. Larry Peck.
250 _a9th Ed.
264 1 _aBelmont, CA :
_bCengage Learning
_c2008
300 _axxxvii, 1068 sayfa (A 32s. E 5s .I24s.) ;
_c27cm.
336 _ametin
_btxt
_2rdacontent
337 _aaracısız
_bn
_2rdamedia
338 _acilt
_bnc
_2rdacarrier
490 0 _aInternational edition
650 0 _aChemistry--Textbooks.
_929241
830 0 _aInternational edition
_929162
942 _2lcc
_cBK
999 _c12024
_d12024